<?xml version="1.0" encoding="UTF-8"?>
<record
    xmlns:xsi="http://www.w3.org/2001/XMLSchema-instance"
    xsi:schemaLocation="http://www.loc.gov/MARC21/slim http://www.loc.gov/standards/marcxml/schema/MARC21slim.xsd"
    xmlns="http://www.loc.gov/MARC21/slim">

  <leader>03267nam a2200337 a 4500</leader>
  <controlfield tag="003">OSt</controlfield>
  <controlfield tag="005">20240904094304.0</controlfield>
  <controlfield tag="007">cr ||||||a|c|a</controlfield>
  <controlfield tag="008">240904s2024    mx a|||fom||| 001 0 spa d</controlfield>
  <datafield tag="040" ind1=" " ind2=" ">
    <subfield code="e">rda</subfield>
  </datafield>
  <datafield tag="100" ind1="1" ind2=" ">
    <subfield code="a">Isidro Antonio, Guillermo Julian</subfield>
    <subfield code="9">189535</subfield>
  </datafield>
  <datafield tag="245" ind1="1" ind2="0">
    <subfield code="a">Modelaci&#xF3;n de crecimiento de pollitas criollas en dos generaciones subsecuentes bajo apareamiento oleatorio /</subfield>
    <subfield code="c">por Guillermo Julian Isidro Antonio; director de tesis Arturo Pro Mart&#xED;nez; secretario Diego Z&#xE1;rate Contreras; vocal Fernando Gonz&#xE1;lez Cer&#xF3;n; suplente Sergio Ib&#xE1;n Mendoza Pedroza; suplente Eliseo Sosa Montes.</subfield>
  </datafield>
  <datafield tag="264" ind1=" " ind2="1">
    <subfield code="a">Chapingo, M&#xE9;xico :</subfield>
    <subfield code="b">El autor,</subfield>
    <subfield code="c">2024.</subfield>
  </datafield>
  <datafield tag="300" ind1=" " ind2=" ">
    <subfield code="a">1 recurso en l&#xED;nea (39  p&#xE1;ginas).</subfield>
    <subfield code="b">cuadros, figuras.</subfield>
  </datafield>
  <datafield tag="336" ind1=" " ind2=" ">
    <subfield code="2">rdacontent</subfield>
    <subfield code="a">texto</subfield>
    <subfield code="b">txt</subfield>
  </datafield>
  <datafield tag="337" ind1=" " ind2=" ">
    <subfield code="2">rdamedia</subfield>
    <subfield code="a">computadora</subfield>
    <subfield code="b">c</subfield>
  </datafield>
  <datafield tag="338" ind1=" " ind2=" ">
    <subfield code="2">rdacarrier</subfield>
    <subfield code="a">recurso en l&#xED;nea</subfield>
    <subfield code="b">cr</subfield>
  </datafield>
  <datafield tag="502" ind1=" " ind2=" ">
    <subfield code="b">IAEZ</subfield>
    <subfield code="c">Zootecn&#xED;a</subfield>
    <subfield code="d">2024.</subfield>
    <subfield code="g">LIC</subfield>
  </datafield>
  <datafield tag="504" ind1=" " ind2=" ">
    <subfield code="a">Incluye referencias bibliogr&#xE1;ficas: p&#xE1;ginas 32-40.</subfield>
  </datafield>
  <datafield tag="520" ind1=" " ind2=" ">
    <subfield code="a">El objetivo del estudio fue describir la curva de crecimiento de pollitas Criollas Mexicanas en dos generaciones subsecuentes bajo apareamiento aleatorio (GPC1 y GPC2), mediante los modelos no lineales Gompertz (MNLG-L), Richards (MNLR), Log&#xED;stico (MNLL) y Von Bertalanffy (MNLVB). En cada generaci&#xF3;n se utilizaron 110 aves hembra, el peso vivo se registr&#xF3; de manera individual de 0 a 63 d de edad. La estimaci&#xF3;n de los par&#xE1;metros de los modelos se realiz&#xF3; con el procedimiento NLIN (algoritmo de Marquardt) de SAS. Para determinar qu&#xE9; modelo fue el mejor, se calcularon el coeficiente de determinaci&#xF3;n ajustado, el criterio de informaci&#xF3;n de Akaike y el criterio de informaci&#xF3;n Bayesiana. En las pollitas GPC1 la tasa de crecimiento inicial fue menor (0.10482 d-1) en comparaci&#xF3;n con las aves GPC2 (0.11420 d-1). En cuanto a los modelos analizados, se mostr&#xF3; una menor tasa de maduraci&#xF3;n en aves GPC1, que en las aves GPC2. Respecto a la edad al m&#xE1;ximo crecimiento (ti) en las pollitas GPC1, vari&#xF3; de 45.6 a 72.5 d, caso contrario sucede con las aves GPC2, ya que se observ&#xF3; un rango m&#xE1;s estrecho de valores (44.4 a 65.8 d). Por el contrario, el peso asint&#xF3;tico (WA), estimado con los cuatro modelos para las dos generaciones de pollitas (GPC1 y GPC2), vari&#xF3; de 971.1 a 3062.9 g y de 926.2 a 2655.7 g, respectivamente. En las dos generaciones de pollitas Criollas, el MNLL estim&#xF3; el menor valor de ti y WA, por el contrario, con el MNLVB se obtuvieron los estimadores m&#xE1;s altos. En conclusi&#xF3;n, el modelo Gompertz-Laird tuvo el mejor ajuste de datos del peso vivo de las pollitas Criollas en dos generaciones subsecuentes bajo apareamiento.</subfield>
  </datafield>
  <datafield tag="650" ind1=" " ind2="4">
    <subfield code="a">Gallinas criollas</subfield>
    <subfield code="x">Crecimiento</subfield>
    <subfield code="9">188708</subfield>
  </datafield>
  <datafield tag="650" ind1=" " ind2="4">
    <subfield code="a">Curvas de Crecimiento</subfield>
    <subfield code="9">143477</subfield>
  </datafield>
  <datafield tag="650" ind1=" " ind2="4">
    <subfield code="a">Modelos no lineales </subfield>
    <subfield code="9">143479</subfield>
  </datafield>
  <datafield tag="700" ind1="1" ind2=" ">
    <subfield code="a">Pro Mart&#xED;nez, Arturo</subfield>
    <subfield code="9">91680</subfield>
    <subfield code="e">Director de tesis.</subfield>
  </datafield>
  <datafield tag="700" ind1="1" ind2=" ">
    <subfield code="a">Z&#xE1;rate Contreras, Diego</subfield>
    <subfield code="9">189326</subfield>
    <subfield code="e">Secretario.</subfield>
  </datafield>
  <datafield tag="700" ind1="1" ind2=" ">
    <subfield code="a">Gonz&#xE1;lez Cer&#xF3;n, Fernando</subfield>
    <subfield code="9">48783</subfield>
    <subfield code="e">Vocal.</subfield>
  </datafield>
  <datafield tag="700" ind1="1" ind2=" ">
    <subfield code="a">Mendoza Pedroza, Sergio Ib&#xE1;n</subfield>
    <subfield code="9">74719</subfield>
    <subfield code="e">Suplente.</subfield>
  </datafield>
  <datafield tag="700" ind1="1" ind2=" ">
    <subfield code="a">Sosa Montes, Eliseo</subfield>
    <subfield code="9">108816</subfield>
    <subfield code="e">Suplente.</subfield>
  </datafield>
  <datafield tag="856" ind1=" " ind2=" ">
    <subfield code="u">http://10.13.5.2/tesis/tl/1611175-3_ISIDRO_ANTONIO_GUILLERMOJULIAN.pdf</subfield>
    <subfield code="z">DESCARGAR PDF</subfield>
  </datafield>
  <datafield tag="942" ind1=" " ind2=" ">
    <subfield code="2">Clasificaci&#xF3;n Universidad Aut&#xF3;noma Chapingo</subfield>
    <subfield code="c">TD</subfield>
  </datafield>
  <datafield tag="999" ind1=" " ind2=" ">
    <subfield code="c">220138</subfield>
    <subfield code="d">220138</subfield>
  </datafield>
  <datafield tag="952" ind1=" " ind2=" ">
    <subfield code="0">0</subfield>
    <subfield code="1">0</subfield>
    <subfield code="2">local</subfield>
    <subfield code="4">0</subfield>
    <subfield code="5">1</subfield>
    <subfield code="7">0</subfield>
    <subfield code="8">TesDigL</subfield>
    <subfield code="a">BD</subfield>
    <subfield code="b">BD</subfield>
    <subfield code="c">E_L</subfield>
    <subfield code="d">2024-09-04</subfield>
    <subfield code="l">0</subfield>
    <subfield code="o">Tesis digital</subfield>
    <subfield code="r">2024-09-04 09:44:16</subfield>
    <subfield code="w">2024-09-04</subfield>
    <subfield code="y">TD</subfield>
  </datafield>
</record>
